[Event "2nd Salento Open"]
[Site "Gallipoli ITA"]
[Date "2013.05.30"]
[Round "7.8"]
[White "Messina,R"]
[Black "Chernukhin,Alexander"]
[Result "1/2-1/2"]
[WhiteElo "1998"]
[BlackElo "2091"]

1.c4 Nf6 2.g3 g6 3.Bg2 Bg7 4.Nf3 O-O 5.O-O d6 6.d3 c5 7.Nc3 Nc6 8.a3 Ne8
9.e4 Nc7 10.Nh4 Ne6 11.f4 a6 12.Rb1 Rb8 13.Be3 Bd7 14.Qd2 Ned4 15.b4 cxb4
16.axb4 b5 17.Kh1 a5 18.Nxb5 Nxb5 19.cxb5 Nxb4 20.b6 Rxb6 21.Bxb6 Qxb6 22.Rb3 Rb8
23.Rfb1 Qa7 24.Nf3 Bg4 25.Ne1 Rc8 26.h3 Be6 27.Ra3 Qc5 28.Kh2 Bc3 29.Qd1 Bxe1
30.Qxe1 Nc2 31.Rxa5 Nxe1  1/2-1/2

[Event "Grand Europe Open Albena"]
[Site "Albena BUL"]
[Date "2013.06.01"]
[Round "1.12"]
[White "Mgeladze,T"]
[Black "Spasov,V"]
[Result "0-1"]
[WhiteElo "2197"]
[BlackElo "2565"]

1.c4 g6 2.g3 Bg7 3.Bg2 Nf6 4.Nf3 O-O 5.O-O d6 6.Nc3 e5 7.d3 h6 8.Rb1 a5 9.a3 Nc6
10.b4 axb4 11.axb4 Be6 12.b5 Ne7 13.Bb2 Qd7 14.Re1 Bh3 15.Bh1 Ng4 16.Ra1 Rab8
17.Qb3 Kh8 18.Nd2 f5 19.Ra7 f4 20.Bf3 Nf5 21.Nce4 g5 22.Bxg4 Bxg4 23.f3 fxg3
24.fxg4 gxh2+ 25.Kxh2 Ne3 26.Rg1 Nxg4+ 27.Kg3 Ne3 28.Nf3 g4 29.Kf2 gxf3 30.exf3 Qh3
31.Kxe3 Rxf3+ 32.Ke2 Qh2+ 33.Kxf3 Rf8+ 34.Ke3 Qxg1+ 35.Ke2 Qg2+  0-1

[Event "OKU Open A 2013"]
[Site "Maarssen NED"]
[Date "2013.06.01"]
[Round "2.10"]
[White "Van Foreest,Jorden"]
[Black "Van Foreest,Lucas"]
[Result "1/2-1/2"]
[WhiteElo "2227"]
[BlackElo "2040"]

1.Nf3 Nf6 2.g3 g6 3.Bg2 Bg7 4.c4 O-O 5.O-O d6 6.d4 Nbd7 7.Nc3 c6 8.e4 e5
9.h3 Qe7 10.Re1 Rd8 11.d5 c5 12.a3 Ne8 13.Qc2 Nf8 14.b4 Nd7 15.Be3 b6 16.Nd2 Nef6
17.Nb3 Rf8 18.Rad1 Ba6 19.bxc5 bxc5 20.Na5 Nb6 21.f4 Nh5 22.Nc6 Qe8 23.Nb5 Bxb5
24.cxb5 a6 25.fxe5 Bxe5 26.Bh6 Bxg3 27.Rf1 axb5 28.Qb2 Na4 29.Qb3 Be5 30.Bxf8 Kxf8
31.Nxe5 dxe5 32.d6 Qd7 33.Qe3 Nf4 34.Rxf4 exf4 35.Qxf4 Kg8 36.e5 Nc3 37.Qf3 Rxa3
38.e6 fxe6 39.Rf1 Qxd6 40.Qf7+ Kh8 41.Qf6+ Kg8 42.Qf7+ Kh8 43.Qf6+ Kg8 44.Qf7+ Kh8
45.Qf6+  1/2-1/2

[Event "35th Nezhmetdinov Cup"]
[Site "Kazan RUS"]
[Date "2013.06.03"]
[Round "4.27"]
[White "Pakhomov,E"]
[Black "Esipenko,Andrey"]
[Result "1-0"]
[WhiteElo "2429"]
[BlackElo "2191"]

1.Nf3 Nf6 2.c4 g6 3.g3 Bg7 4.Bg2 O-O 5.O-O d6 6.d4 Nbd7 7.Nc3 e5 8.h3 c6
9.Re1 Qa5 10.e3 e4 11.Nd2 d5 12.Rb1 Re8 13.b4 Qc7 14.b5 Bf8 15.Qb3 Nb6 16.c5 Nbd7
17.bxc6 bxc6 18.Qa4 h5 19.Nb3 h4 20.gxh4 Nh5 21.Na5 Re6 22.Nxc6 Qxc6 23.Qxc6 Rxc6
24.Nxd5 Nhf6 25.Nc3 Re6 26.Bd2 Ba6 27.Nb5 Nd5 28.Rec1 N7f6 29.Bf1 Be7 30.Bc4 Bd8
31.Rb3 Bxb5 32.Rxb5 a6 33.Rb7 Bc7 34.Rcb1 Kf8 35.Kg2 Ke8 36.f4 Kd8 37.Kf1 Kc8
38.Ke2 Re8 39.R7b3 Rh8 40.Be1 Re8 41.Ra3 Re6 42.h5 gxh5 43.Bh4 Rc6 44.Bxf6 Nxf6
45.Bxf7 Bd8 46.Rg1 Ra7 47.Bc4 a5 48.Rb3 Be7 49.Rg5 Bf8 50.Rb5 a4 51.Rg6 Kc7
52.f5 Nd7 53.Be6 Ra8 54.Bd5 Rxg6 55.fxg6 Rb8 56.Rxb8 Kxb8 57.Bxe4 Nf6 58.Bf3 Kc7
59.Kd3 Bh6 60.e4 Bg7 61.e5 Nd7 62.e6 Nf6 63.d5 Ne8 64.Bxh5 a3 65.Bf3 Bf8
66.Kc4 Bg7 67.h4 Bf8 68.h5 Bg7 69.Bd1 Bh6 70.Ba4  1-0

[Event "Grand Europe Open Albena"]
[Site "Albena BUL"]
[Date "2013.06.04"]
[Round "4.41"]
[White "Sagar,S"]
[Black "Janev,P"]
[Result "1-0"]
[WhiteElo "2359"]
[BlackElo "2223"]

1.Nf3 Nf6 2.c4 g6 3.g3 Bg7 4.Bg2 O-O 5.O-O d6 6.d4 c6 7.Nc3 Nbd7 8.e4 Qc7
9.h3 e5 10.Be3 exd4 11.Nxd4 Re8 12.Qc2 a5 13.Rad1 Nc5 14.Ndb5 cxb5 15.Nxb5 Qe7
16.Nxd6 Na6 17.Nxe8 Nxe8 18.f4 Nb4 19.Qf2 Bf8 20.b3 Nc7 21.g4 Nc6 22.e5 a4
23.Rd3 axb3 24.axb3 Nb4 25.Rd2 Ra3 26.Rfd1 Ne6 27.f5 Nc5 28.Bxc5 Qxc5 29.Rd8 Qc7
30.Qh4 h5 31.Rxf8+ Kxf8 32.Rd8+  1-0

[Event "French Top 12 2013"]
[Site "Haguenau FRA"]
[Date "2013.06.04"]
[Round "6.1"]
[White "David,Alb"]
[Black "Szabo,Krisz1"]
[Result "1/2-1/2"]
[WhiteElo "2584"]
[BlackElo "2545"]

1.Nf3 Nf6 2.c4 g6 3.g3 Bg7 4.Bg2 O-O 5.O-O d6 6.Nc3 Nc6 7.Rb1 a5 8.a3 e5
9.d3 h6 10.b4 axb4 11.axb4 Be6 12.b5 Ne7 13.Bb2 Qd7 14.Re1 Bh3 15.Bh1 Ng4
16.Qb3 Kh8 17.d4 exd4 18.Nd5 Nxd5 19.cxd5 Ra5 20.Bxd4 Rfa8 21.Bxg7+ Kxg7
22.b6 cxb6 23.Qxb6 Rxd5 24.Nd4 Re5 25.Bxb7 Ra2 26.Bf3 Nf6 27.Red1 Bg4 28.Qb3  1/2-1/2

[Event "35th Nezhmetdinov Cup"]
[Site "Kazan RUS"]
[Date "2013.06.04"]
[Round "5.14"]
[White "Maletin,P"]
[Black "Pakhomov,E"]
[Result "0-1"]
[WhiteElo "2611"]
[BlackElo "2429"]

1.Nf3 Nf6 2.g3 g6 3.c4 Bg7 4.Bg2 O-O 5.O-O d6 6.d4 Nbd7 7.Nc3 e5 8.e4 exd4
9.Nxd4 Re8 10.h3 Nc5 11.Re1 h6 12.Nb3 Ncd7 13.f4 a5 14.Be3 a4 15.Nd4 c6 16.Bf2 Qa5
17.Rb1 Nc5 18.Qc2 Qb4 19.b3 axb3 20.axb3 Nfd7 21.Re2 Na6 22.Qc1 Ndc5 23.Na2 Qb6
24.Qd2 Qc7 25.b4 Ne6 26.Nf3 Nf8 27.Ree1 Be6 28.Rbc1 Rad8 29.Kh2 f6 30.Nd4 Bf7
31.b5 Nb8 32.bxc6 bxc6 33.Nb4 Qd7 34.Nb3 Qb7 35.Rb1 Qc7 36.Qc2 g5 37.f5 Nfd7
38.Ra1 Ne5 39.Ra7 Qc8 40.c5 Bf8 41.Rb1 Rd7 42.Rba1 Rb7 43.R1a4 Nbd7 44.Rxb7 Qxb7
45.cxd6 Bxd6 46.Na5 Qc7 47.Na6 Qc8 48.Nb3 c5 49.Ra1 Bc4 50.Nd2 Bd3 51.Qa2+ Kg7
52.Qd5 Bf8 53.Bf1 Bxf1 54.Nxf1 Nb6 55.Qd1 Qc6 56.Qe2 Nbc4 57.Rc1 Qxa6 58.Ne3 Rd8
59.Nxc4 Rd2 60.Qxd2 Nf3+ 61.Kg2 Nxd2 62.Nxd2 Qe2 63.Nc4 Qxe4+ 64.Kg1 Qxf5
65.Kg2 Qe4+ 66.Kg1 Kg6 67.Rc3 f5 68.Nd2 Qd5 69.Nf3 Bg7 70.Ra3 c4 71.Ra4 Kh7
72.Ne1 Bd4 73.Ra2 Qe4 74.Nc2 Bxf2+ 75.Kxf2 f4 76.gxf4 Qxf4+ 77.Kg2 Qd2+ 78.Kg3 Kg6
79.Kf3 Kh5 80.Kg3 Qc3+ 81.Kf2 Qb3  0-1

[Event "35th Nezhmetdinov Cup"]
[Site "Kazan RUS"]
[Date "2013.06.05"]
[Round "6.33"]
[White "Sadykov,M"]
[Black "Ospennikov,D"]
[Result "0-1"]
[WhiteElo "2113"]
[BlackElo "2232"]

1.Nf3 Nf6 2.c4 g6 3.g3 Bg7 4.Bg2 O-O 5.O-O d5 6.cxd5 Nxd5 7.Nc3 Nc6 8.d4 Nb6
9.e3 e5 10.d5 Na5 11.e4 c6 12.dxc6 Nxc6 13.Bg5 Qxd1 14.Rfxd1 Bg4 15.h3 Bxf3
16.Bxf3 Nd4 17.Bg2 h6 18.Be7 Rfc8 19.Bf1 Nc4 20.Bxc4 Rxc4 21.Kg2 Rac8 22.Rd2 f6
23.Nd5 Kf7 24.b3 R4c6 25.Rad1 f5 26.f3 Ke6 27.g4 Bf8 28.Bxf8 Rxf8 29.Rf1 a5
30.h4 h5 31.g5 Rfc8 32.Rff2 Rd8 33.Nf6 f4 34.Nd5 Rxd5 35.exd5+ Kxd5 36.Rd3 b5
37.Rfd2 b4 38.Kf2 Rc3 39.Kg2 Kc5 40.Kf2 a4 41.Rd1 axb3 42.axb3 Rxb3 43.Rc1+ Kb5
44.Rxb3 Nxb3 45.Re1 Kc4 46.Rxe5 Nd4 47.Re1 b3 48.Rc1+ Nc2 49.Ke2 Kc3 50.Kd1 Kd3
51.Rb1 Ne3+ 52.Kc1 Kc3 53.Rb2 Nc4 54.Re2 Kd3 55.Rf2 Ke3 56.Rh2 Ne5 57.Kb2 Nxf3
58.Rh1 Nd4 59.Re1+ Ne2 60.Kxb3 f3 61.Kc2 f2 62.Ra1 Ng3 63.Ra3+ Kf4  0-1

[Event "Grand Europe Open Albena"]
[Site "Albena BUL"]
[Date "2013.06.06"]
[Round "6.28"]
[White "Mgeladze,T"]
[Black "Chighladze,I"]
[Result "1-0"]
[WhiteElo "2197"]
[BlackElo "2396"]

1.c4 Nf6 2.g3 g6 3.Bg2 Bg7 4.Nf3 O-O 5.O-O c6 6.d3 d5 7.Nc3 dxc4 8.dxc4 Qxd1
9.Nxd1 a5 10.b3 a4 11.Bb2 Na6 12.Ne3 Nc5 13.b4 Nce4 14.a3 Bh6 15.Bd4 Be6
16.Ne5 Nd2 17.Rfd1 Bxe3 18.fxe3 Nxc4 19.Nxc4 Bxc4 20.Bxf6 exf6 21.Rd7 Rab8
22.Kf2 Bb3 23.Rc1 Rfd8 24.Rd4 Re8 25.Rc3 Re7 26.Rd6 Kg7 27.h4 Rbe8 28.Bf3 Re5
29.Rd7 R8e7 30.Rd8 Re8 31.Rd7 R5e7 32.Rd6 Re6 33.Rd7 R8e7 34.Rd8 Rc7 35.Rb8 Re5
36.Ra8 Rd7 37.Rd3 Rde7 38.Rc3 g5 39.Rb8 h6 40.Ra8 R5e6 41.Rb8 Kg6 42.Rd3 f5
43.Rg8+ Kf6 44.Rh8 Ke5 45.Rc3 Kd6 46.Rd8+ Kc7 47.Rg8 g4 48.Bg2 b5 49.Rc5 Rxe3
50.Bxc6 Rxe2+ 51.Kg1 Re1+ 52.Kh2 R7e5 53.Bg2+ Rxc5 54.bxc5 Re2 55.Kg1 b4
56.axb4 a3 57.b5 a2 58.b6+ Kd7 59.c6+ Kd6 60.Ra8 Re1+  1-0

[Event "French Top 12 2013"]
[Site "Haguenau FRA"]
[Date "2013.06.06"]
[Round "8.6"]
[White "Rapport,R"]
[Black "Bergez,L"]
[Result "1-0"]
[WhiteElo "2674"]
[BlackElo "2399"]

1.Nf3 Nf6 2.g3 g6 3.Bg2 Bg7 4.c4 O-O 5.d4 d6 6.O-O c5 7.Nc3 Nc6 8.dxc5 dxc5
9.Be3 Nd7 10.Qc1 Re8 11.Rd1 Qa5 12.Bd2 Nd4 13.Nxd4 cxd4 14.Nd5 Qd8 15.Bf4 e5
16.Bg5 f6 17.Bd2 Nb6 18.Ba5 Be6 19.e3 f5 20.exd4 exd4 21.Nf4 Bf7 22.c5 Rc8
23.Bxb7 Rc7 24.Bf3 Qd7 25.Nd3 Qb5 26.b4 Rcc8 27.Bxb6 axb6 28.a4 Qd7 29.c6 Qc7
30.b5 Bb3 31.Re1 Rxe1+ 32.Qxe1 Ra8 33.Qb4 Qf7 34.a5 Bd5 35.Bxd5 Qxd5 36.Ra4 Bf8
37.Qc4 Qxc4 38.Rxc4 bxa5 39.c7  1-0

[Event "35th Nezhmetdinov Cup"]
[Site "Kazan RUS"]
[Date "2013.06.06"]
[Round "7.34"]
[White "Orekhov,N"]
[Black "Bulatov,R"]
[Result "1/2-1/2"]
[WhiteElo "2121"]
[BlackElo "2221"]

1.Nf3 Nf6 2.c4 g6 3.g3 Bg7 4.Bg2 O-O 5.O-O d5 6.cxd5 Nxd5 7.Nc3 c5 8.Nxd5 Qxd5
9.d3 Nc6 10.Ng5 Qd7 11.Rb1 b6 12.a3 h6 13.Nf3 Bb7 14.b4 cxb4 15.axb4 b5 16.Be3 e5
17.Qd2 Kh7 18.Rfc1 Nd4 19.Bxd4 exd4 20.Qf4 Rfc8 21.Ne5 Bxe5 22.Qxe5 Bxg2
23.Kxg2 Kg8 24.Qf4 h5 25.Ra1 Rc3 26.Rcb1 Rc2 27.Re1 Re8 28.Qf3 Rb2 29.Rab1 Rxb1
30.Rxb1 Qd6 31.Ra1 a6 32.Rb1 Re6 33.Rb2 Qc7 34.Qa8+ Kg7 35.Ra2 Qd6 36.Rb2 Re7
37.Rc2 Qxb4 38.Qxa6 Qb1 39.Qd6 Qxc2 40.Qxe7 Qc6+ 41.Kg1 Qd5 42.h4 Qe6 43.Qc5 Qd7
44.Qb6 Qd5 45.f3 Qe5 46.Kf2 Qe3+ 47.Kf1 Qc1+ 48.Kf2 Qb2 49.Qc5 b4 50.Qe5+ Kh7
51.g4 hxg4 52.h5 gxf3 53.hxg6+ Kxg6 54.Qd6+ f6 55.Qg3+ Kf5 56.Qxf3+ Ke5 57.Qg3+ Kd5
58.Qg8+ Kc5 59.Qc8+ Kb5 60.Qe8+  1/2-1/2

[Event "Grand Europe Open Albena"]
[Site "Albena BUL"]
[Date "2013.06.07"]
[Round "7.16"]
[White "Abramovic,B"]
[Black "Valles,M"]
[Result "1/2-1/2"]
[WhiteElo "2458"]
[BlackElo "2261"]

1.c4 Nf6 2.Nf3 g6 3.g3 Bg7 4.Bg2 O-O 5.O-O d6 6.Nc3 c6 7.d4 Qa5 8.h3 e5 9.e4 Nbd7
10.Re1 exd4 11.Nxd4 Ne5 12.Bf1 Re8 13.Be3 c5 14.Nb3 Qb4 15.a3 Qb6 16.Nd2 Nc6
17.Rb1 Qd8 18.Bg2 Be6 19.f4 Nd7 20.Nd5 Nd4 21.Bf2 b5 22.b4 bxc4 23.Nxc4 Bxd5
24.exd5 Qf6 25.Qa4 Red8 26.Na5 Nb6 27.Qd1 Nb5 28.Rc1 cxb4 29.axb4 Qb2 30.Nc6 Rd7
31.Qd3 Nc3 32.Bf3 Na2 33.Rb1 Qc3 34.Red1 Nc4  1/2-1/2

[Event "35th Nezhmetdinov Cup"]
[Site "Kazan RUS"]
[Date "2013.06.07"]
[Round "8.10"]
[White "Pakhomov,E"]
[Black "Onischuk,V"]
[Result "0-1"]
[WhiteElo "2429"]
[BlackElo "2584"]

1.Nf3 Nf6 2.c4 g6 3.g3 Bg7 4.Bg2 O-O 5.Nc3 d6 6.d4 Nc6 7.O-O e5 8.d5 Nb8
9.c5 Na6 10.cxd6 cxd6 11.Nd2 Bd7 12.b3 e4 13.Nc4 Ne8 14.Bd2 b5 15.Ne3 f5
16.Rc1 Nf6 17.a3 Qb6 18.Nc2 Rfc8 19.Be3 Qb7 20.Bd4 Nc5 21.Nb4 a5 22.Nc6 Nxd5
23.Nxa5 Rxa5 24.Bxg7 Be6 25.b4 Rxa3 26.Nxd5 Qxd5 27.Qxd5 Bxd5 28.Bh6 Kf7
29.Rfd1 Ke6 30.bxc5 dxc5 31.Be3 Rxe3 32.fxe3 b4 33.Rb1 Ba2 34.Rbc1 Bd5 35.Ra1 c4
36.Ra5 c3 37.Raxd5 c2 38.Rd6+ Ke7 39.Rd7+ Ke6 40.R7d6+ Ke7 41.R6d2 b3 42.Rxc2 Rxc2
43.Kf2 b2 44.Rb1 h5 45.h3 Ke6 46.h4 Kd5 47.g4 hxg4 48.Kg3 Kc4 49.Kf4 Kc3
50.h5 gxh5 51.Kxf5 Rc1 52.Rxb2 Kxb2 53.Kg5 Rc5+ 54.Kf4 Kc3 55.Kxe4 Kd2  0-1

[Event "35th Nezhmetdinov Cup"]
[Site "Kazan RUS"]
[Date "2013.06.08"]
[Round "9.49"]
[White "Gromak,Ivan"]
[Black "Padikov,Denis"]
[Result "1-0"]
[WhiteElo "1894"]
[BlackElo "1820"]

1.Nf3 Nf6 2.g3 g6 3.Bg2 Bg7 4.c4 O-O 5.O-O d6 6.d4 c5 7.Nc3 Nc6 8.e3 Rb8
9.b3 a6 10.Bb2 b5 11.dxc5 dxc5 12.Qe2 Qa5 13.Nd5 Nxd5 14.Bxg7 Nc3 15.Bxc3 Qxc3
16.cxb5 axb5 17.Rfc1 Qb4 18.Qc2 Bf5 19.Qxc5 Qxc5 20.Rxc5 Nb4 21.Nd4 Bd3 22.a3 Na6
23.Rc6 e5 24.Rxa6 exd4 25.exd4 b4 26.Rc6 bxa3 27.Rxa3 Rb4 28.d5 Rfb8 29.Rc3 Bf5
30.h4 Rd4 31.Bf3 h6 32.Ra1 g5 33.hxg5 hxg5 34.Rd1 Rxd1+ 35.Bxd1 g4 36.f3 Rd8
37.fxg4 Be4 38.Be2 Rxd5 39.Kf2 Rd6 40.b4 Bb7 41.Rc7 Rb6 42.b5 Bd5 43.Ke3 Kg7
44.Kd4 Bg2 45.Kc5 Re6 46.Bc4 Re5+ 47.Kd6 Re3 48.Rxf7+ Kg6 49.b6 Rxg3 50.Rf4 Kg5
51.Rd4 Bb7 52.Kc7 Ba8 53.Bd5 Rc3+ 54.Rc4 Rxc4+ 55.Bxc4 Kxg4 56.Bb5  1-0

[Event "Zonal 3.4 2013"]
[Site "Osh KGZ"]
[Date "2013.06.08"]
[Round "2"]
[White "Khuseinkhodzhaev,M"]
[Black "Haitbaev,Hayrulla"]
[Result "1-0"]
[WhiteElo "2401"]
[BlackElo "2109"]

1.Nf3 Nf6 2.c4 g6 3.g3 Bg7 4.Bg2 O-O 5.O-O d5 6.cxd5 Nxd5 7.d4 c6 8.e4 Nb6
9.h3 h6 10.Nc3 Be6 11.Qc2 Qc8 12.Kh2 Rd8 13.Rd1 a5 14.b3 Na6 15.Be3 Nd7 16.Rac1 Nf6
17.Qb1 Qd7 18.Na4 Qe8 19.Nb6 Ra7 20.Nh4 g5 21.d5 gxh4 22.dxe6 fxe6 23.e5 hxg3+
24.fxg3 Nh7 25.Rxd8 Qxd8 26.Rd1 Qe8 27.Qd3 c5 28.Qd8 Qxd8 29.Rxd8+ Kf7 30.Nc8 Ra8
31.Bxb7 Rb8 32.Bxa6 Bxe5 33.Bf4 Bxf4 34.gxf4 Rb4 35.Bc4 Rb7 36.f5 Ng5 37.fxe6+ Nxe6
38.Rd1  1-0

[Event "FIDE World Blitz 2013"]
[Site "Khanty-Mansiysk RUS"]
[Date "2013.06.09"]
[Round "5.10"]
[White "Ponkratov,P"]
[Black "Cheparinov,I"]
[Result "0-1"]
[WhiteElo "2605"]
[BlackElo "2678"]

1.Nf3 Nf6 2.c4 g6 3.g3 Bg7 4.Bg2 O-O 5.O-O d5 6.d4 dxc4 7.Na3 c3 8.bxc3 c5
9.Rb1 Nc6 10.Ne5 cxd4 11.Nxc6 bxc6 12.cxd4 Bf5 13.Rb7 Ne4 14.e3 Nd6 15.Rb4 Rc8
16.Ra4 Qb6 17.Qe2 c5 18.Ra6 Qb8 19.e4 Bd7 20.dxc5 Nb5 21.Ra5 Rxc5 22.Qd3 Qb6
23.Be3 Qxa5 24.Bxc5 Nxa3 25.Qxa3 Qxa3 26.Bxa3 Be6 27.Bxe7 Rc8 28.a3 Bd4 29.Rd1 Bc5
30.Bxc5 Rxc5 31.h4 Rc3 32.Ra1 a5 33.Bf1 h6 34.Bb5 g5 35.hxg5 hxg5 36.a4 Bg4
37.Re1 Bf3 38.e5 g4 39.Bf1 Ra3 40.Bb5 Kf8 41.Bd7 Ra2 42.Bb5 Ke7 43.e6 fxe6
44.Rxe6+ Kxe6  0-1

[Event "FIDE World Blitz 2013"]
[Site "Khanty-Mansiysk RUS"]
[Date "2013.06.10"]
[Round "19.10"]
[White "Akopian,Vl"]
[Black "Tkachiev,V"]
[Result "1/2-1/2"]
[WhiteElo "2691"]
[BlackElo "2649"]

1.Nf3 Nf6 2.c4 g6 3.g3 Bg7 4.Bg2 O-O 5.O-O c6 6.d4 d5 7.Qb3 a5 8.cxd5 a4
9.Qa3 cxd5 10.Nc3 Nc6 11.Bf4 Ne4 12.Rfd1 Bf5 13.Ne5 Nxc3 14.bxc3 Qa5 15.Nxc6 bxc6
16.Rd2 Rfe8 17.Rb2 Bf8 18.Qb4 Qxb4 19.cxb4 a3 20.Rb3 Bg7 21.Be5 Bxe5 22.dxe5 Reb8
23.Rc1 Rb6 24.Rcc3 Be6 25.Rxa3 Rxa3 26.Rxa3 Rxb4 27.f4 c5 28.Ra5 Rb2 29.Rxc5 Rxe2
30.Bxd5 Bxd5 31.Rxd5  1/2-1/2

[Event "2nd Grand Europe Open 2013"]
[Site "Golden Sands BUL"]
[Date "2013.06.12"]
[Round "3.58"]
[White "Sagar,S"]
[Black "Sofranov,V"]
[Result "1-0"]
[WhiteElo "2359"]
[BlackElo "2154"]

1.c4 Nf6 2.Nf3 g6 3.g3 Bg7 4.Bg2 O-O 5.O-O d6 6.d4 Nbd7 7.Nc3 e5 8.e4 Re8
9.h3 exd4 10.Nxd4 Nc5 11.Re1 c6 12.Qc2 a5 13.Be3 a4 14.Rad1 Qa5 15.f4 h5
16.Bf2 Nfd7 17.a3 Bh6 18.Nf3 Bf8 19.e5 dxe5 20.f5 Kg7 21.Nh4 g5 22.f6+ Nxf6
23.Nf5+ Kg8 24.Nd6 Bd7 25.Nxe8 Rxe8 26.Qd2 Ne6 27.Ne4  1-0

[Event "Zonal 3.4 2013"]
[Site "Osh KGZ"]
[Date "2013.06.12"]
[Round "6"]
[White "Markov,M KGZ"]
[Black "Khuseinkhodzhaev,M"]
[Result "1/2-1/2"]
[WhiteElo "2255"]
[BlackElo "2401"]

1.c4 Nf6 2.Nf3 g6 3.g3 Bg7 4.Bg2 O-O 5.O-O c6 6.d4 d5 7.cxd5 cxd5 8.Nc3 Nc6
9.Ne5 e6 10.Bf4 Nd7 11.Nxd7 Bxd7 12.Bd6 Re8 13.Nb5 Rc8 14.Bf4 Bf8 15.Nd6 Bxd6
16.Bxd6 Qb6 17.Bc5 Qxb2 18.Qd3 Ne5 19.Qb3 Qxb3 20.axb3 a6 21.Bd6 Nc6 22.e3 Nb8
23.Rfc1 Bb5 24.h4 Rxc1+ 25.Rxc1 Nc6 26.h5 f6 27.f4 Rd8 28.Ba3 Kf7 29.Kf2 Bd3
30.hxg6+ hxg6 31.g4 g5 32.fxg5 fxg5 33.Kg3 Rh8 34.Bd6 Be4 35.Be5 Nxe5 36.dxe5 Bxg2
37.Rc7+ Kg6 38.Kxg2 Rh7 39.Rc8 Rd7 40.Rg8+ Kf7 41.Rb8 b5 42.Kf3 d4 43.exd4 Rxd4
44.Rb7+ Kf8 45.Rb6 Ke7 46.Rxa6 Rf4+ 47.Ke3 Rxg4 48.Ra7+ Kf8 49.Rb7 Rg3+ 50.Kd2 Rxb3
51.Kc2 Rb4 52.Kc3 Rb1 53.Kc2 Rb4 54.Kc3 Rc4+ 55.Kd3 Rc5 56.Kd4 Rd5+ 57.Ke4 g4
58.Rb8+ Ke7 59.Rb7+ Kd8 60.Rb6 Kd7 61.Rb7+ Kc6 62.Re7 b4 63.Rxe6+ Kc5 64.Re8 Rd4+
65.Ke3 Rd1 66.e6 b3 67.e7 Re1+ 68.Kf4  1/2-1/2

[Event "Portuguese Honra A 2013"]
[Site "Sintra POR"]
[Date "2013.06.13"]
[Round "5.4"]
[White "Amoes,Francisco"]
[Black "Santos,Mi"]
[Result "0-1"]
[WhiteElo "1915"]
[BlackElo "1966"]

1.Nf3 Nf6 2.c4 g6 3.g3 Bg7 4.Bg2 O-O 5.O-O c5 6.Nc3 d6 7.d4 Na6 8.Bg5 cxd4
9.Nxd4 Nc5 10.Nd5 Nxd5 11.cxd5 Re8 12.Qd2 Qb6 13.Be3 Qd8 14.Rac1 a5 15.Bh6 Bh8
16.h4 Qb6 17.Rc4 Nd7 18.Bf4 Ne5 19.Bxe5 Bxe5 20.Rfc1 Bd7 21.e3 h5 22.Bf1 Rec8
23.Rxc8+ Bxc8 24.Qc3 Bg4 25.Qc7 Qxb2 26.Rc2 Qb1 27.Rc1 Qxa2 28.Qxe7 Bxd4
29.exd4 Bf3 30.Qxb7 Qxd5 31.Rc8+ Rxc8 32.Qxc8+ Kg7 33.Qc3 Kh7 34.Qe3 a4 35.Bc4 Qf5
36.Bd3 Qd5 37.Bb1 Qb7 38.Bc2 Bd5 39.Qg5 Be4 40.Bxe4 Qxe4 41.Qf6 Qd5  0-1

[Event "Alushta Summer-2013-3"]
[Site "Alushta UKR"]
[Date "2013.06.14"]
[Round "2"]
[White "Kovalev,An"]
[Black "Agaragimov,D"]
[Result "1/2-1/2"]
[WhiteElo "2473"]
[BlackElo "2376"]

1.Nf3 Nf6 2.g3 g6 3.Bg2 Bg7 4.c4 O-O 5.O-O d6 6.d4 Nc6 7.Nc3 Bf5 8.d5 Na5
9.Nd4 Bd7 10.Qd3 c5 11.Nc2 a6 12.Rb1 Rb8 13.Bd2 b5 14.b3 Qc7 15.h3 bxc4 16.bxc4 Rxb1
17.Rxb1 Rb8  1/2-1/2

[Event "Zonal 3.4 2013"]
[Site "Osh KGZ"]
[Date "2013.06.14"]
[Round "8"]
[White "Markov,M KGZ"]
[Black "Atabayev,M"]
[Result "1-0"]
[WhiteElo "2255"]
[BlackElo "2464"]

1.c4 Nf6 2.Nf3 g6 3.g3 Bg7 4.Bg2 O-O 5.O-O d6 6.d4 Nbd7 7.Nc3 e5 8.dxe5 dxe5
9.Qc2 c6 10.Rd1 Qe7 11.h3 Re8 12.Be3 Nc5 13.b4 Bf5 14.Qb2 Ncd7 15.Nd2 h5
16.c5 e4 17.Bd4 e3 18.Bxe3 Nd5 19.Bxd5 cxd5 20.Nf3 Bxh3 21.Bd4 Nf6 22.Nxd5 Nxd5
23.Bxg7 Qxe2 24.Ng5 Qxb2 25.Bxb2 Be6 26.a3 Red8 27.Rd2 Nc7 28.Rad1 Rxd2 29.Rxd2 Bf5
30.Be5 Rc8 31.f3 Ne8 32.Ne4 Kf8 33.Kf2 Bxe4 34.fxe4 Ke7 35.Bf4 Rd8 36.Rxd8 Kxd8
37.b5 a6 38.c6 Kc8 39.bxa6 bxc6 40.Kf3 f6 41.e5 fxe5 42.Bxe5 g5 43.Ke4 g4
44.Kf5 c5 45.Kg5 Nc7 46.a7 Na8 47.Kxh5 Kb7 48.Kxg4 Nb6 49.Kf5 c4 50.Ke4 Na4
51.Bd4 c3 52.Kd3 Nb2+ 53.Kxc3  1-0

[Event "Zonal 3.4 2013"]
[Site "Osh KGZ"]
[Date "2013.06.15"]
[Round "9"]
[White "Vakhidov,J"]
[Black "Atabayew,S"]
[Result "1-0"]
[WhiteElo "2398"]
[BlackElo "2187"]

1.Nf3 Nf6 2.c4 g6 3.g3 Bg7 4.Bg2 O-O 5.Nc3 d6 6.d4 Nc6 7.O-O e5 8.d5 Ne7
9.e4 h6 10.Ne1 Nd7 11.Nd3 f5 12.Bd2 Nf6 13.Qe2 fxe4 14.Nxe4 Nf5 15.Bc3 Nd4
16.Bxd4 exd4 17.Nf4 Re8 18.Nxf6+ Bxf6 19.Qd2 Bg7 20.Rae1 Be5 21.Nd3 Bf6 22.Nf4 Be5
23.Nd3 Bf6 24.Rxe8+ Qxe8 25.Re1 Qf7 26.Nf4 Bf5 27.Be4 Bxe4 28.Rxe4 Re8 29.Ne6 Kh7
30.Rf4 Qe7 31.Qd3 Be5 32.Rf3 c5 33.h4 h5 34.Qe4 Kh6 35.Kf1 Qd7 36.g4 Rxe6
37.dxe6 Qxe6 38.g5+ Kh7 39.Qxb7+ Bg7 40.Rf7 Qh3+ 41.Ke1 Qe6+ 42.Kd2 Qe5 43.Qe7 Kg8
44.Qxe5 dxe5 45.Rxa7 e4 46.Rxg7+ Kxg7 47.a4  1-0

[Event "7th Srebrno Jezero Open 2013"]
[Site "Srebrno jezero SRB"]
[Date "2013.06.15"]
[Round "2.10"]
[White "Stojanovic,Andj"]
[Black "Novakovic,Slo"]
[Result "1-0"]
[WhiteElo "2286"]
[BlackElo "2208"]

1.Nf3 Nf6 2.c4 g6 3.g3 Bg7 4.Bg2 O-O 5.O-O d6 6.Nc3 Nc6 7.Rb1 e5 8.b4 Bg4
9.h3 Bd7 10.b5 Ne7 11.c5 h6 12.Ba3 Be6 13.cxd6 cxd6 14.Qa4 Qd7 15.Qb4 Ne8
16.Kh2 f5 17.d3 Rd8 18.Rbc1 Nc7 19.Nd2 Ncd5 20.Nxd5 Bxd5 21.Bxd5+ Nxd5 22.Qb3 Qf7
23.Nc4 Nb6 24.Nxd6 Qxb3 25.axb3 Rd7 26.Nc4 Nd5 27.Bxf8 Kxf8 28.Na5 Kf7 29.Rc8 Bf8
30.Rb8 b6 31.Nc6 Bd6 32.Ra8 Nc3 33.Ra1 Nxb5 34.Nxa7 Nd4 35.Nc8 Nxe2 36.Nxb6 Rb7
37.R8a7 Rxa7 38.Rxa7+ Ke6 39.Ra6 Bc5 40.Nc4+ Kd5 41.Ne3+ Kd4 42.Rxg6 Kxd3
43.Nxf5 Bxf2 44.Kg2 Bc5 45.Rxh6 e4 46.Rc6 Bb4 47.h4 e3 48.Re6 Bd2 49.h5 Nc3
50.Nxe3 Bxe3 51.Rxe3+ Kxe3 52.h6  1-0

[Event "12th TCh-BIH Prem"]
[Site "Sarajevo BIH"]
[Date "2013.06.16"]
[Round "2.3"]
[White "Erdos,V"]
[Black "Sedlak,N"]
[Result "1/2-1/2"]
[WhiteElo "2645"]
[BlackElo "2571"]

1.Nf3 Nf6 2.c4 g6 3.g3 Bg7 4.Bg2 O-O 5.O-O d5 6.cxd5 Nxd5 7.Nc3 Nb6 8.b3 e5
9.Ba3 Re8 10.Rc1 a5 11.d3 Bd7 12.d4 e4 13.Ne5 f5 14.Nc4 Nxc4 15.bxc4 Nc6
16.e3 Nb4 17.Qb3 Bf8 18.Bxb4 axb4 19.c5+ Be6 20.Qxb4 b6 21.Rfd1 Qe7 22.Bf1 bxc5
23.Qxc5 Qxc5 24.dxc5 c6 25.Ne2 Bxa2 26.Nd4 Rec8 27.Bc4+ Bxc4 28.Rxc4 Kf7
29.Rb1 Rc7 30.Rb6 Ra5 31.Nxc6 Rxc5 32.Rxc5 Bxc5 33.Ra6 Be7 34.Nxe7 Rxe7 35.h3 Re6
36.Ra7+ Re7 37.Ra6  1/2-1/2

[Event "Alushta Summer-2013-3"]
[Site "Alushta UKR"]
[Date "2013.06.17"]
[Round "5"]
[White "Kashtanov,R"]
[Black "Agaragimov,D"]
[Result "1/2-1/2"]
[WhiteElo "2338"]
[BlackElo "2376"]

1.Nf3 Nf6 2.c4 g6 3.g3 Bg7 4.Bg2 O-O 5.O-O d6 6.Nc3 Nc6 7.d4 Bf5 8.Ne1 Qd7
9.e4 Bh3 10.d5 Na5 11.Qe2 c5 12.Bd2 Bxg2 13.Kxg2 a6 14.Nd1 Qc7 15.Rc1 Nd7
16.Nd3 b5 17.b3 Nb7 18.h4 b4 19.h5 a5 20.hxg6 fxg6 21.Rh1 a4 22.Bh6 Bxh6
23.Rxh6 axb3 24.axb3 Ne5 25.Nf4 Nd8 26.Ne3 Ra3 27.Rch1 Rf7 28.Ng4 Rg7 29.Rb1 Nd7
30.Rhh1 Nf6 31.Nd3 Nxg4 32.Qxg4 e5 33.dxe6 Qe7 34.Nf4 g5 35.Nd5 Qxe6 36.Qf3 Rf7
37.Qe3 h6 38.Rb2 Rfa7 39.Rd2 Ra2 40.Rhd1 Rxd2 41.Rxd2 Ra1 42.f4  1/2-1/2

[Event "12th TCh-BIH Prem"]
[Site "Sarajevo BIH"]
[Date "2013.06.20"]
[Round "6.5"]
[White "Dizdarevic,E"]
[Black "Jakovljevic,Vlado"]
[Result "1-0"]
[WhiteElo "2515"]
[BlackElo "2440"]

1.Nf3 Nf6 2.g3 g6 3.c4 Bg7 4.Bg2 O-O 5.O-O c6 6.d4 d5 7.cxd5 cxd5 8.Nc3 e6
9.Bg5 Qb6 10.Na4 Qb5 11.Re1 Ne4 12.Be7 Re8 13.Ba3 Bd7 14.Nc3 Nxc3 15.bxc3 Qa6
16.Bc5 Ba4 17.Qd2 Nd7 18.Bb4 Nb6 19.Qf4 f6 20.Nd2 Nc4 21.Nxc4 Qxc4 22.e4 dxe4
23.Bxe4 Bc6 24.a4 Bxe4 25.Qxe4 Qd5 26.a5 Rac8 27.Qxd5 exd5 28.Rxe8+ Rxe8
29.Bc5 Bf8 30.Bxa7 Ra8 31.Bb6 Rc8 32.Rb1 Kf7 33.Ba7 Rc7 34.Kf1 Rd7 35.Ke2 h5
36.Kd3 Bd6 37.Bc5 Be7 38.Bxe7 Kxe7 39.Rb6 g5 40.f4 g4 41.f5 Kf7 42.Re6 Kg7
43.Kc2 h4 44.gxh4 Kh6 45.Rxf6+ Kh5 46.Rf8 Kxh4 47.f6 Kg5 48.Rg8+ Kxf6 49.Rxg4  1-0

[Event "3rd Big Slick GM"]
[Site "Purley ENG"]
[Date "2013.06.22"]
[Round "1"]
[White "Radovanovic,J"]
[Black "Franklin,S"]
[Result "1/2-1/2"]
[WhiteElo "2360"]
[BlackElo "2357"]

1.Nf3 Nf6 2.g3 g6 3.Bg2 Bg7 4.c4 O-O 5.O-O d6 6.Nc3 Nc6 7.d3 e5 8.Bg5 h6
9.Bxf6 Bxf6 10.Rb1 a5 11.a3 Bg7 12.b4 axb4 13.axb4 Ne7 14.b5 c6 15.Qb3 d5
16.bxc6 bxc6 17.Nd2 Be6 18.Rfc1 Qa5 19.Qb4 Qxb4 20.Rxb4 Rfb8  1/2-1/2